5HLuxD.jpg

KING HENRY VIII SENIOR AND PRIMARY SCHOOL LIBRARY OPAC

The Facebook effect : (Record no. 4198)

000 -LEADER
fixed length control field 01271cam a2200289 a 4500
001 - CONTROL NUMBER
control field 17034980
003 - CONTROL NUMBER IDENTIFIER
control field OSt
005 - DATE AND TIME OF LATEST TRANSACTION
control field 20250124100644.0
008 - FIXED-LENGTH DATA ELEMENTS--GENERAL INFORMATION
fixed length control field 111104s2011 nyua b 001 0 eng
010 ## - LIBRARY OF CONGRESS CONTROL NUMBER
LC control number 2011293580
020 ## - INTERNATIONAL STANDARD BOOK NUMBER
International Standard Book Number 9781439102121 (pbk.)
040 ## - CATALOGING SOURCE
Original cataloging agency DLC
Transcribing agency DLC
Modifying agency DLC
-- KH8
042 ## - AUTHENTICATION CODE
Authentication code pcc
043 ## - GEOGRAPHIC AREA CODE
Geographic area code n-us---
082 00 - DEWEY DECIMAL CLASSIFICATION NUMBER
Classification number 338.7 KIR
100 1# - MAIN ENTRY--PERSONAL NAME
Personal name Kirkpatrick, David,
Dates associated with a name 1953 January 14-
Relator term author.
245 14 - TITLE STATEMENT
Title The Facebook effect :
Remainder of title the inside story of the company that is connecting the world /
Statement of responsibility, etc. David Kirkpatrick.
250 ## - EDITION STATEMENT
Edition statement 1st Simon & Schuster trade pbk. ed.
260 ## - PUBLICATION, DISTRIBUTION, ETC.
Place of publication, distribution, etc. New York :
Name of publisher, distributor, etc. Simon & Schuster Paperbacks,
Date of publication, distribution, etc. 2011.
300 ## - PHYSICAL DESCRIPTION
Extent 372 p. :
Other physical details ill. ;
Dimensions 25 cm.
504 ## - BIBLIOGRAPHY, ETC. NOTE
Bibliography, etc. note Includes bibliographical references (p. [340]-354) and index.
505 0# - FORMATTED CONTENTS NOTE
Formatted contents note Prologue: the Facebook effect -- The beginning -- Palo Alto -- Social networking and the Internet -- Fall 2004 -- Investors -- Becoming a company -- Fall 2005 -- The CEO -- Privacy -- 2006 -- The platform -- $15 billion -- Making money -- Facebook and the world -- Changing our institutions -- The evolution of Facebook -- The future.
610 20 - SUBJECT ADDED ENTRY--CORPORATE NAME
Corporate name or jurisdiction name as entry element Facebook (Firm)
650 #0 - SUBJECT ADDED ENTRY--TOPICAL TERM
Topical term or geographic name entry element Internet industry
Geographic subdivision United States.
650 #0 - SUBJECT ADDED ENTRY--TOPICAL TERM
Topical term or geographic name entry element Online social networks
General subdivision History.
942 ## - ADDED ENTRY ELEMENTS (KOHA)
Source of classification or shelving scheme
Koha item type Books - Non Ficton
Holdings
Withdrawn status Lost status Source of classification or shelving scheme Damaged status Not for loan Collection code Permanent Location Current Location Shelving location Date acquired Full call number Barcode Date last seen Price effective from Koha item type
          Non-Fiction KH8 Senior School Library KH8 Senior School Library Non Fiction 2025-01-24 338.7 KIR 3KHSL000102143 2025-01-24 2025-01-24 Books - Non Ficton

Powered By KH8 IT Dept